00390 2200157 4500001002100000005001500021035002000036245004500056100001800101300002600119260003100145082000800176084001400184020002200198990001200220INLIS00000000000305120250919075108 a0010-09250003981 aX-Press UN 2016 Ekonomi /cTIM Progresif0 aTIM Progresif a231 hlm ;c21 x 26 cm aJakarta :bErlangga,c2018 a330 a330 TIM x a978-602-434-988-2 a0755584